| 000 | 00648nam a2200205 a 4500 | ||
|---|---|---|---|
| 005 | 20240802063709.0 | ||
| 008 | 080422s2000 mx r 000 0 spa d | ||
| 020 | _a9681661494 | ||
| 035 | _aUPN01000155562 | ||
| 049 | _aI | ||
| 050 | 4 |
_aPQ7298.12 R7 _bB7.6 |
|
| 100 | 1 |
_aBrozon, M. B., _d1970- _931044 |
|
| 245 | 1 | 0 |
_aOdisea por el espacio inexistente / _cM. B. Brozon ; il. Guillermo de Gante. |
| 260 |
_aMéxico : _bFCE, _c2000. |
||
| 300 |
_a198 p. : _bil. |
||
| 440 | 0 |
_aA la orilla del viento. _pPara los que leen bien |
|
| 650 | 4 |
_aLiteratura infantil mexicana _910209 |
|
| 650 | 4 |
_aCuentos infantiles mexicanos _97723 |
|
| 905 | _aInfantil | ||
| 999 |
_c127677 _d127677 |
||